000
00260nam a22001217a 4500
008
260326b ||||| |||| 00| 0 eng d
041
_a
Shqip
080
_a
1.01
100
_a
22
101
_a
menaxh
245
_a
Management
_c
Berim Ramosaj
942
_2
udc
_c
BK
999
_c
60938
_d
60938